00676 2200241 4500001002100000005001500021035002000036007000300056008004100059020002200100082001000122084001600132100002000148245011500168250001000283260003000293300003200323650002200355700001700377700001800394990001100412990001100423INLIS00000000000291220190119105212 a0010-0119000264ta190119 g 0 ind  a978-602-317-075-3 a612.6 a612.6 NUR p0 aNURUL, Chomaria1 aPanduan Terlengkap Tumbuh Kembang Anak Usia 0-5 Tahun /cNurul Chomaria; penyunting, Tin Zulaeha, Rini Yuliana acet.1 aSurakarta :bCinta,c2015 a248 hlm. :bilus. ;c24 cm. aFISIOLOGI MANUSIA0 aTIN, Zulaeha0 aRINI, Yuliana a6435 a a6435 b